000 00358nam a2200145Ia 4500
008 240624s9999 xx 000 0 und d
041 _aeng
082 _a658.83 MAL
100 _aMALHOTRA NARESH
245 _aMARKETING RESEARCH
250 _a(6th ed.)
260 _c2010
_aNew Delhi
_bPearson Education
300 _a948 : p. : cm. ; 24
365 _cRS
_b30
999 _c16252
_d16252